Math / (Registro nro. 9410)

Detalles MARC
000 -LIDER
fixed length control field 00773nam a22002777a 4500
001 - NÚMERO DE CONTROL
Identificador de número de control 00122
003 - IDENTIFICACDOR DE NÚMERO DE CONTROL
control field DO-SdBNP
005 - DATE AND TIME OF LATEST TRANSACTION
control field 20160328152200.0
007 - CAMPOS FIJOS DE DESCRIPCIÓN FÍSICA
fixed length control field 00122
008 - ELEMENTOS DE LONGITUD FIJA
fixed length control field 160328b xxu 2007 ||||| |||| 00| 0 spa d
020 ## - ISBN
International Standard Book Number 9780153522253
040 ## - FUENTE DE CATALOGACIÓN
Agencia que crea de manera original el registro BPMSU
Idioma de catalogación spa
Agencia que realiza la transcripción BPMSU
092 ## - LOCALLY ASSIGNED DEWEY DECIMAL CALL NUMBER
Número de clasificación xxxxxxxx
Número de ítem (Cutter) xxxxxxxx
245 00 - MENCIÓN DE TITULO
Título Math /
Mención de responsabilidad Angela Giglio Andrews ...[et al.].
260 ## - PUBLICACIÓN, DISTRIBUCIÓN, ETC. (PIE DE IMPRENTA)
Lugar de publicación, distribución, etc Estados Unidos :
Nombre del editor, distribuidor, etc. Harcourt,
Fecha de publicación, distribución, etc 2007.
300 ## - DESCRIPCIÓN FÍSICA
Extensión xxvii, 667 p. :
Otros detalles físicos il.,
Dimensiones 28 cm.
700 10 - ASIENTO SECUNDARIO -- NOMBRE PERSONAL
Nombre personal Bennett, Jennie M.,
Mención de responsabilidad ed.
700 10 - ASIENTO SECUNDARIO -- NOMBRE PERSONAL
Nombre personal Burton, Grace M.,
Mención de responsabilidad ed.
700 10 - ASIENTO SECUNDARIO -- NOMBRE PERSONAL
Nombre personal Luckie, Lynda A.,
Mención de responsabilidad ed.
700 10 - ASIENTO SECUNDARIO -- NOMBRE PERSONAL
Nombre personal Mcleod, Joyce C.,
Mención de responsabilidad ed.
700 10 - ASIENTO SECUNDARIO -- NOMBRE PERSONAL
Nombre personal Newman, Vicki,
Mención de responsabilidad ed.
700 10 - ASIENTO SECUNDARIO -- NOMBRE PERSONAL
Nombre personal Roby, Tom,
Mención de responsabilidad ed.
700 10 - ASIENTO SECUNDARIO -- NOMBRE PERSONAL
Nombre personal Scheer, Janet K.,
Mención de responsabilidad ed.
942 ## - ADDED ENTRY ELEMENTS (KOHA)
Source of classification or shelving scheme Dewey Decimal Classification
Koha item type Libros
956 ## - LOCAL ELECTRONIC LOCATION AND ACCESS (OCLC)
Nombre de host Brenda Tavárez
Existencias
Withdrawn status Lost status Source of classification or shelving scheme Damaged status Not for loan Collection code Home library Current library Date acquired Source of acquisition Total Checkouts Barcode Date last seen Price effective from Koha item type
    Dewey Decimal Classification       Biblioteca Pública Metropolitana Salomé Ureña Biblioteca Pública Metropolitana Salomé Ureña 03/28/2016 Donación   BPMSU16030293 03/28/2016 03/28/2016 Libros